5 Letter Countries - Statistics

General Stats
  • This quiz has been taken 105 times
    96 since last reset
  • The average score is 18 of 27
Answer Stats
Answer % Correct
China
89%
Spain
85%
Italy
84%
Chile
79%
Japan
79%
India
77%
Ghana
76%
Yemen
76%
Egypt
74%
Qatar
72%
Libya
71%
Benin
70%
Kenya
68%
Samoa
67%
Malta
66%
Sudan
66%
Tonga
66%
Haiti
65%
Gabon
63%
Nepal
63%
Nauru
61%
Niger
59%
Palau
56%
Syria
55%
Burma
54%
Congo
49%
Macao
7%
No matching quizzes found
Score Distribution
Percent of People with Each Score
Percentile by Number Answered
Your Score History
You have not taken this quiz since the last reset